| 000 | 00608 a2200229 4500 | ||
|---|---|---|---|
| 005 | 20260121163954.0 | ||
| 008 | 260121b |||||||| |||| 00| 0 eng d | ||
| 020 |
_a9781032030265 _c£ 57.99 |
||
| 040 | _aMAIN | ||
| 082 |
_a647.940688 _bG968H(4) |
||
| 100 | _aGursoy, Dogan | ||
| 245 | _aHospitality marketing: Principles and practices | ||
| 250 | _a4th | ||
| 260 |
_bRoutledge _c2023 _aOxon |
||
| 300 | _axvi, 402 | ||
| 650 | _aHospitality Marketing | ||
| 650 | _aMarketing Research | ||
| 650 | _aCustomer Satisfaction | ||
| 700 | _aButtle, Francis | ||
| 700 | _aBowie, David | ||
| 942 | _cBK | ||
| 999 |
_c395551 _d395551 |
||